Slovanské štúdie

Bibliographic Details
Format: Serial
Language:Slovak
Czech
French
German
PhysicalDescription:zv. 24 cm
Published: Bratislava Vydavateľstvo Slovenskej akadémie vied 1957-
Bratislava Veda
Bratislava Slovak Academic Press
Bratislava Academic Electronic Press
Bratislava Spoločnosť pre dejiny a kultúru strednej a východnej Európy Historický ústav SAV Rakúsky ústav pre východnú Európu - pobočka v Bratislave
Bratislava
ISBN:8085665034 (brož. : 1992/1)
8088880165 (brož. : 1994/2)
8088880246 (brož. : 1995/1)
8085665239 (brož. : 1992/2)
808566531X (brož. : 1993)
8085665573 (brož. : 1994/1)
8088908558 (brož. : 1997/1)
ISSN:0583-564X
Subjects:
Online Access:http://www.slovanskestudie.sk/index.html

MARC

LEADER 00000cas a2200000 a 4500
001 vtls001481725
003 SK-MaSNL
005 20260228160915.0
008 040914c19579999xo x 0 0b0slo
020 |a 8085665034 (brož. : 1992/1) 
020 |a 8088880165 (brož. : 1994/2) 
020 |a 8088880246 (brož. : 1995/1) 
020 |a 8085665239 (brož. : 1992/2) 
020 |a 808566531X (brož. : 1993) 
020 |a 8085665573 (brož. : 1994/1) 
020 |a 8088908558 (brož. : 1997/1) 
022 |a 0583-564X 
035 |a SNK000437022 
040 |a SNK  |b slo  |c SNK  |d SAVUK  |e AACR2 
041 0 |a slo  |a cze  |a fre  |a ger 
044 |a xo  |c SK 
072 7 |a 93/94  |x Dejiny (všeobecne)  |2 konspekt 
072 7 |a 930.85  |x Dejiny civilizácie. Kultúrne dejiny  |2 konspekt 
072 7 |a 316.3  |x Globálne spoločnosti. Sociálna štruktúra. Sociálne skupiny  |2 konspekt 
080 |a 93/94  |2 2011 
080 |a 930.85  |2 2011 
080 |a (=16)  |2 2011 
210 0 |a Slovan. štúdie 
222 0 |a Slovanské štúdie 
245 0 0 |a Slovanské štúdie 
246 1 2 |a História  |f VII/1965  |f VIII/1966  |f IX/1967  |f X/1968  |f XI/1971  |f XII/1971  |f XIII/1972  |f XIV/1973 
246 1 2 |a Z dejín a vzťahov európskych socialistických krajín  |f XV/1973  |f XVI/1975  |f XVII/1976  |f XVIII/1977  |f XIX/1978  |f XX/1979  |f XXI/1980  |f XXII/1981 
246 1 2 |a O československej zahraničnej politike 1918-1948  |f 23-2/1982 
246 1 2 |a Ku kritike buržoáznych interpretácií dejín socialistických krajín  |f 23-1/1982 
246 1 2 |a 60. výročie vzniku ZSSR  |f 24-1/1983 
246 1 2 |a Medzinárodný význam februára 1948  |f 24-2/1983 
246 1 2 |a Veľká októbrová socialistická revolúcia a formovanie svetovej socialistickej sústavy  |f 25-1/1985 
246 1 2 |a ČSSR a svetová socialistická sústava  |f 25-2/1985 
246 1 2 |a Národnostná otázka v Európe  |f 26-1/1986 
246 1 2 |a Slovenská spoločnosť v Uhorsku  |f 26-2/1986 
246 1 2 |a Zahraničné vzťahy ČSSR v 70. a 80. rokoch  |f 27-1/1987 
246 1 2 |a Medzinárodné aspekty vývinu svetovej socialistickej sústavy v päťdesiatych rokoch  |f 27-2/1987 
246 1 2 |a ZSSR a otázky formovania a upevňovania socialistickej sústavy v Ázii  |f 28-1/1988 
260 |a Bratislava  |b Vydavateľstvo Slovenskej akadémie vied  |c 1957- 
260 2 |3 1975-1991  |a Bratislava  |b Veda 
260 2 |3 1992-1994  |a Bratislava  |b Slovak Academic Press 
260 2 |3 2/1994-1996  |a Bratislava  |b Academic Electronic Press 
260 3 |3 2003-  |a Bratislava  |b Spoločnosť pre dejiny a kultúru strednej a východnej Európy  |b Historický ústav SAV  |b Rakúsky ústav pre východnú Európu - pobočka v Bratislave 
260 2 |3 1997-  |a Bratislava  |b Slovak Academic Press 
300 |a zv.  |c 24 cm 
310 |a Nepravidelne 
362 0 |a 1 (1957)- 
500 |a Názov z obalu 
500 |a Popis podľa: 7 (1965) 
500 |a Redaktori sa menia 
504 |a Bibliografické odkazy ; poznámky 
546 |a Text aj v češ., fran., nem. 
650 0 7 |a dejiny  |2 SNKPH  |9 3825 
650 0 7 |a kultúrne dejiny  |2 SNKPH  |9 4307 
650 0 7 |a Slovania  |2 SNKPH  |9 18587 
655 7 |a odborné časopisy  |2 SNKPH  |9 70505 
852 |a Štátna vedecká knižnica v Banskej Bystrici 
856 4 1 |u http://www.slovanskestudie.sk/index.html 
910 |a savuk 
910 |a snmk 
910 |a snk 
916 |a 1965-1997 
919 |a 80-85665-03-4 
919 |a 80-88880-16-5 
919 |a 80-88880-24-6 
919 |a 80-85665-23-9 
919 |a 80-85665-31-X 
919 |a 80-85665-57-3 
919 |a 80-88908-55-8 
999 |c 3882  |d 5812 
952 |0 0  |1 0  |4 0  |7 0  |a SNK  |b SNK  |d 2005-05-27  |i snkKSP 56/79  |l 0  |o snkČSC 1134/19/1978 D1  |p 17A0469985  |r 2026-02-21 19:41:41  |w 2026-02-21  |y PREZ 
952 |0 0  |1 0  |4 0  |7 0  |a SNK  |b SNK  |d 2006-05-22  |i snkKSP 6926/67  |l 0  |o snkČSC 1134/9/1967 D1  |p 17A0507613  |r 2026-02-21 19:52:28  |w 2026-02-21  |y PREZ 
952 |0 0  |1 0  |4 0  |7 0  |a SNK  |b SNK  |d 2022-08-02  |f 1  |i snkKSP 3878/65  |l 0  |o snkČSC 1134/7/1965  |p 17A0813944  |r 2026-02-21 20:01:52  |w 2026-02-21  |y PREZ 
952 |0 0  |1 0  |4 0  |7 0  |a SNK  |b SNK  |d 2022-08-02  |f 1  |i snkKSP 2669/71  |l 0  |o snkČSC 1134/11/1971  |p 17A0813945  |r 2026-02-21 20:01:52  |w 2026-02-21  |y PREZ 
952 |0 0  |1 0  |4 0  |7 0  |a SNK  |b SNK  |d 2022-08-02  |f 1  |i snkKSP 6672/71  |l 0  |o snkČSC 1134/12/1971  |p 17A0813946  |r 2026-02-21 20:01:52  |w 2026-02-21  |y PREZ 
952 |0 0  |1 0  |4 0  |7 0  |a SNK  |b SNK  |d 2022-08-02  |f 1  |i snkKSP 9003/87  |l 0  |o snkČSC 1134/27/1987/1  |p 17A0814037  |r 2026-02-21 20:01:52  |w 2026-02-21  |y PREZ 
952 |0 0  |1 0  |4 0  |7 0  |a SNK  |b SNK  |d 2022-08-02  |f 1  |i snkKSP 9505/87  |l 0  |o snkČSC 1134/27/1987/2  |p 17A0814038  |r 2026-02-21 20:01:52  |w 2026-02-21  |y PREZ 
952 |0 0  |1 0  |4 0  |7 0  |a SNK  |b SNK  |d 2022-08-02  |f 1  |i snkKSP 4946/88  |l 0  |o snkČSC 1134/28/1988/1  |p 17A0814039  |r 2026-02-21 20:01:52  |w 2026-02-21  |y PREZ 
952 |0 0  |1 0  |4 0  |7 0  |a SNK  |b SNK  |d 2022-03-15  |i snkKSP 5340/66  |l 0  |o snkČSC 1134/8/1966 D1  |p 17A1348252  |r 2026-02-21 20:02:29  |w 2026-02-21  |y PREZ 
952 |0 0  |1 0  |4 0  |7 0  |a SNK  |b SNK  |d 2011-05-04  |i snkKSP 6388/76  |l 0  |o snkČSC 1134/17/1976 D1  |p 17A0692662  |r 2026-02-21 20:06:11  |w 2026-02-21  |y PREZ 
952 |0 0  |1 0  |4 0  |7 0  |a SNK  |b SNK  |d 2011-05-04  |i snkKSP 2665/71  |l 0  |o snkČSC 1134/11/1971 D1  |p 17A0692304  |r 2026-02-21 20:06:11  |w 2026-02-21  |y PREZ 
952 |0 0  |1 0  |4 0  |7 0  |a SNK  |b SNK  |d 2002-03-12  |f 1  |i snkKSP 7130/82  |l 0  |o snkČSC 1134/23/1982/1  |p 17A0337287  |r 2004-12-31 00:00:00  |w 2026-02-21  |y PREZ 
952 |0 0  |1 0  |4 0  |7 0  |a SNK  |b SNK  |d 2022-08-15  |i snkKSP 3879/65  |l 0  |o snkČSC 1134/7/1965 D1  |p 17A1434615  |r 2026-02-21 20:11:18  |w 2026-02-21  |y PREZ 
952 |0 0  |1 0  |4 0  |7 0  |a SNK  |b SNK  |d 2013-05-23  |i snkKSP 8050/81  |l 0  |o snkČSC 1134/22/1981 D1  |p 17A1021776  |r 2026-02-21 20:19:08  |w 2026-02-21  |y PREZ 
952 |0 0  |1 0  |4 0  |7 0  |a SNK  |b SNK  |d 1999-09-13  |l 0  |o snkČSC 1134/1992/1 D1  |p 17A0209459  |r 2004-12-31 00:00:00  |w 2026-02-21  |y PREZ 
952 |0 0  |1 0  |4 0  |7 0  |a SNK  |b SNK  |d 1999-09-29  |f 1  |i snkKSP 8828/93  |l 0  |o snkČSC 1134/1992/1  |p 17A0211977  |r 2004-12-31 00:00:00  |w 2026-02-21  |y PREZ 
952 |0 0  |1 0  |4 0  |7 0  |a SNK  |b SNK  |d 1998-02-23  |l 0  |o snkČSC 1134/1993 D1  |p 17A0124295  |r 2004-12-31 00:00:00  |w 2026-02-21  |y PREZ 
952 |0 0  |1 0  |4 0  |7 0  |a SNK  |b SNK  |d 2003-10-20  |f 1  |i snkKSP 6486/94  |l 0  |o snkČSC 1134/1993  |p 17A0400528  |r 2004-12-31 00:00:00  |t č. 1-2  |w 2026-02-21  |y PREZ 
952 |0 0  |1 0  |4 0  |7 0  |a SNK  |b SNK  |d 2000-01-24  |f 1  |i snkKSP 260/87  |l 0  |o snkČSC 1134/26/1986/2  |p 17A0223747  |r 2004-12-31 00:00:00  |w 2026-02-21  |y PREZ 
952 |0 0  |1 0  |4 0  |7 0  |a SNK  |b SNK  |d 2002-03-12  |f 1  |i snkKSP 2238/86  |l 0  |o snkČSC 1134/26/1986/1  |p 17A0337364  |r 2004-12-31 00:00:00  |w 2026-02-21  |y PREZ 
952 |0 0  |1 0  |4 0  |7 0  |a SNK  |b SNK  |d 2002-03-12  |f 1  |i snkKSP 2781/83  |l 0  |o snkČSC 1134/24/1983/2  |p 17A0337361  |r 2004-12-31 00:00:00  |w 2026-02-21  |y PREZ 
952 |0 0  |1 0  |4 0  |7 0  |a SNK  |b SNK  |d 2002-03-12  |f 1  |i snkKSP 4025/84  |l 0  |o snkČSC 1134/24/1983/1  |p 17A0337369  |r 2004-12-31 00:00:00  |w 2026-02-21  |y PREZ 
952 |0 0  |1 0  |4 0  |7 0  |a SNK  |b SNK  |d 2002-03-12  |f 1  |i snkKSP 3219/85  |l 0  |o snkČSC 1134/25/1985/2  |p 17A0337334  |r 2004-12-31 00:00:00  |w 2026-02-21  |y PREZ 
952 |0 0  |1 0  |4 0  |7 0  |a SNK  |b SNK  |d 2002-03-12  |f 1  |i snkKSP 7132/82  |l 0  |o snkČSC 1134/23/1982/2  |p 17A0337288  |r 2004-12-31 00:00:00  |w 2026-02-21  |y PREZ 
952 |0 0  |1 0  |4 0  |7 0  |a SNK  |b SNK  |d 2002-03-12  |f 1  |i snkKSP 8049/81  |l 0  |o snkČSC 1134/22/1981  |p 17A0337285  |r 2004-12-31 00:00:00  |w 2026-02-21  |y PREZ 
952 |0 0  |1 0  |4 0  |7 0  |a SNK  |b SNK  |d 2002-03-12  |f 1  |i snkKSP 1667/77  |l 0  |o snkČSC 1134/18/1977  |p 17A0337371  |r 2004-12-31 00:00:00  |w 2026-02-21  |y PREZ 
952 |0 0  |1 0  |4 0  |7 0  |a SNK  |b SNK  |d 2000-02-08  |f 1  |i snkKSP 2369/79  |l 0  |o snkČSC 1134/20/1979  |p 17A0227957  |r 2004-12-31 00:00:00  |w 2026-02-21  |y PREZ 
952 |0 0  |1 0  |4 0  |7 0  |a SNK  |b SNK  |d 2002-03-12  |f 1  |i snkKSP 5918/80  |l 0  |o snkČSC 1134/21/1980  |p 17A0337359  |r 2004-12-31 00:00:00  |w 2026-02-21  |y PREZ 
952 |0 0  |1 0  |4 0  |7 0  |a SNK  |b SNK  |d 2004-08-02  |i snkKSP 3919/80  |l 0  |o snkČSC 1134/21/1980 D1  |p 17A0436809  |r 2004-12-31 00:00:00  |w 2026-02-21  |y PREZ 
952 |0 0  |1 0  |4 0  |7 0  |a SNK  |b SNK  |d 1997-12-04  |f 1  |i snkKSP 5339/66  |l 0  |o snkČSC 1134/8/1966  |p 17A0111268  |r 2005-01-02 00:00:00  |w 2026-02-21  |y PREZ 
952 |0 0  |1 0  |4 0  |7 0  |8 3  |a SNK  |b SNK  |d 2002-07-01  |i snkK 2367/75  |l 0  |o snkČSC 1134/7/1965 D2  |p 17A0346602  |r 2005-01-02 00:00:00  |w 2026-02-21  |y PREZ 
952 |0 0  |1 0  |4 0  |7 0  |a SNK  |b SNK  |d 2000-08-25  |f 1  |i snkKSP 8757/2000  |l 0  |o snkČSC 1134/1997/1  |p 17A0254015  |r 2005-01-02 00:00:00  |w 2026-02-21  |y PREZ 
952 |0 0  |1 0  |4 0  |7 0  |a SNK  |b SNK  |d 2000-08-25  |i snkKSP 8758/2000  |l 0  |o snkČSC 1134/1997 D1  |p 17A0249297  |r 2005-01-02 00:00:00  |w 2026-02-21  |y PREZ 
952 |0 0  |1 0  |4 0  |7 0  |a SNK  |b SNK  |d 2002-03-12  |f 1  |i snkKSP 55/79  |l 0  |o snkČSC 1134/19/1978  |p 17A0337289  |r 2004-12-31 00:00:00  |w 2026-02-21  |y PREZ 
952 |0 0  |1 0  |4 0  |7 0  |a SNK  |b SNK  |d 2003-01-09  |l 0  |o snkČSC 1134/18/1977 D1  |p 17A0366127  |r 2004-12-31 00:00:00  |w 2026-02-21  |y PREZ 
952 |0 0  |1 0  |4 0  |7 0  |a SNK  |b SNK  |d 2004-09-14  |i snk 1223/2004  |l 0  |o snkČSC 1134/2003/1-2  |p 17A0431572  |r 2005-01-02 00:00:00  |w 2026-02-21  |y PREZ 
952 |0 0  |1 0  |4 0  |7 0  |a SNK  |b SNK  |d 2004-09-14  |i snk 1224/2004  |l 0  |o snkČSC 1134/2003/1-2 D1  |p 17A0431573  |r 2005-01-02 00:00:00  |w 2026-02-21  |y PREZ 
952 |0 0  |1 0  |4 0  |7 0  |a SNK  |b SNK  |d 1998-05-05  |f 1  |i snkKSP 5973/68  |l 0  |o snkČSC 1134/10/1968  |p 17A0137447  |r 2005-01-02 00:00:00  |w 2026-02-21  |y PREZ 
952 |0 0  |1 0  |4 0  |7 0  |a SNK  |b SNK  |d 2002-03-12  |f 1  |i snkKSP 6088/72  |l 0  |o snkČSC 1134/13/1972  |p 17A0337376  |r 2005-01-02 00:00:00  |w 2026-02-21  |y PREZ 
952 |0 0  |1 0  |4 0  |7 0  |a SNK  |b SNK  |d 2002-03-12  |f 1  |i snkKSP 7805/73  |l 0  |o snkČSC 1134/14/1973  |p 17A0337365  |r 2005-01-02 00:00:00  |w 2026-02-21  |y PREZ 
952 |0 0  |1 0  |4 0  |7 0  |a SNK  |b SNK  |d 2002-03-12  |f 1  |i snkKSP 1305/74  |l 0  |o snkČSC 1134/15/1973  |p 17A0337290  |r 2005-01-02 00:00:00  |w 2026-02-21  |y PREZ  |z Venované 20. výročiu založenia Slovenskej akadémie vied 
952 |0 0  |1 0  |4 0  |7 0  |a SNK  |b SNK  |d 2002-03-12  |f 1  |i snkKSP 473/76  |l 0  |o snkČSC 1134/16/1975  |p 17A0337374  |r 2005-01-02 00:00:00  |w 2026-02-21  |y PREZ  |z Venované 30. výročiu Slovenského národného povstania 
952 |0 0  |1 0  |4 0  |7 0  |a SNK  |b SNK  |d 2002-03-12  |f 1  |i snkKSP 6387/76  |l 0  |o snkČSC 1134/17/1976  |p 17A0337373  |r 2005-01-02 00:00:00  |w 2026-02-21  |y PREZ 
952 |0 0  |1 0  |4 0  |7 0  |a SNK  |b SNK  |d 2003-09-12  |f 1  |i snkKSP 6925/67  |l 0  |o snkČSC 1134/9/1967  |p 17A0397068  |r 2005-01-02 00:00:00  |w 2026-02-21  |y PREZ 
952 |0 0  |1 0  |4 0  |7 0  |a SNK  |b SNK  |d 2005-05-11  |i snkKSP 6671/71  |l 0  |o snkČSC 1134/12/1971 D1  |p 17A0466760  |r 2026-02-21 21:00:07  |w 2026-02-21  |y PREZ 
952 |0 0  |1 0  |4 0  |7 0  |a SNK  |b SNK  |d 2005-05-11  |i snkKSP 474/76  |l 0  |o snkČSC 1134/16/1975 D1  |p 17A0466681  |r 2026-02-21 21:00:07  |w 2026-02-21  |y PREZ  |z Venované 30. výročiu Slovenského národného povstania 
952 |0 0  |1 0  |4 0  |7 0  |a SNK  |b SNK  |d 2005-05-11  |f 1  |i snkKSP 6092/85  |l 0  |o snkČSC 1134/25/1985/1  |p 17A0337363  |r 2026-02-21 21:00:07  |w 2026-02-21  |y PREZ 
952 |0 0  |1 0  |4 0  |7 0  |a SNK  |b SNK  |d 2008-04-01  |i snkKSP 5974/68  |l 0  |o snkČSC 1134/10/1968 D1  |p 17A0585535  |r 2026-02-21 21:01:09  |w 2026-02-21  |y PREZ 
952 |0 0  |1 0  |4 0  |7 0  |a SNK  |b SNK  |d 2014-06-17  |i snkKSP 2782/83  |l 0  |o snkČSC 1134/24/1983/2 D1  |p 17A0823615  |r 2026-02-21 21:14:51  |w 2026-02-21  |y PREZ 
952 |0 0  |1 0  |4 0  |7 0  |a SNK  |b SNK  |d 1996-09-27  |f 1  |i snkKSP 7904/96  |l 0  |o snkČSC 1134/1994/1  |p 17A0011820  |r 2005-01-01 00:00:00  |w 2026-02-21  |y PREZ 
952 |0 0  |1 0  |4 0  |7 0  |a SNK  |b SNK  |d 1996-09-27  |i snkKSP 7905/96  |l 0  |o snkČSC 1134/1994 D1  |p 17A0011821  |r 2005-01-01 00:00:00  |w 2026-02-21  |y PREZ 
952 |0 0  |1 0  |4 0  |7 0  |a SNK  |b SNK  |d 2002-05-06  |f 1  |i snkKSP 5286/2002  |l 0  |o snkČSC 1134/1992/2  |p 17A0342815  |r 2005-01-02 00:00:00  |w 2026-02-21  |y PREZ  |z Venované XI. slavistickému kongresu v Bratislave 
952 |0 0  |1 0  |4 0  |7 0  |a SNK  |b SNK  |d 2005-04-04  |i snkKSP 7806/1973  |l 0  |o snkČSC 1134/14/1973 D1  |p 17A0462193  |r 2026-02-21 21:21:15  |w 2026-02-21  |y PREZ 
952 |0 0  |1 0  |4 0  |7 0  |a SNK  |b SNK  |d 2005-04-04  |i snkKSP 6089/72  |l 0  |o snkČSC 1134/13/1972 D1  |p 17A0462192  |r 2026-02-21 21:21:16  |w 2026-02-21  |y PREZ 
952 |0 0  |1 0  |4 0  |7 0  |a SNK  |b SNK  |d 2005-04-04  |i snkKSP 1306/74  |l 0  |o snkČSC 1134/15/1973 D1  |p 17A0462190  |r 2026-02-21 21:21:16  |w 2026-02-21  |y PREZ  |z Venované 20. výročiu založenia Slovenskej akadémie vied